000 00691nam a2200265Ia 4500
005 20260121170505.0
008 008 260114s9999 xx 000 0 eng d
020 _a9783319909783
037 _aEBOOK
040 _aCRL
040 _beng
040 _cCRL
041 _2eng
041 _aeng
084 _qCRL
100 _aChristian Leuprecht, Joel J. Sokolsky, Thomas Hughes
_91064529
245 0 _aNorth American Strategic Defense in the 21st Century:
260 _bSpringer
260 _bSpringer
260 _c2018
856 _uhttps://link.springer.com/openurl?genre=book&isbn=978-3-319-90978-3
942 _cEBOOK
999 _c1630258
_d1630258